Kingship and ideology in the Islamic and Mongol worlds (Бичлэгийн дугаар. 144402)
| 000 -УДИРДЛАГА | |
|---|---|
| Удирдлага | 02121nam a2200349 4500 |
| 003 - ХЯНАЛТЫН ТОО ТОДОРХОЙЛОГЧ | |
| Код | MN-UlNUM |
| 005 - БИЧИЛТ ХИЙСЭН ОГНОО | |
| Тухайн бичилтийг бичсэн засварласан сүүлийн огноо | 20251010155300.0 |
| 008 - ЕРӨНХИЙ МЭДЭЭЛЭЛ | |
| Ерөнхий мэдээлэл | 251007s2010 enkab||b |||| 001 | eng d |
| 020 ## - ISBN | |
| ISBN | 9780521174497 |
| 040 ## - БИЧЛЭГ ҮҮСГЭГЧ БАЙГУУЛЛАГА | |
| Бичлэг үүсгэгч номын сангийн код | МУИС-ийн номын сан |
| 084 ## - ББК АНГИЛАЛ | |
| Нэмэлт тусгалт | Нэг сэдэвт бүтээл |
| Мэдлэгийн ялгаа | 63 - Түүх |
| ББК ангилал | 63.3 |
| Зохиогчийн гурван тэмдэгт | B 87 |
| 100 1# - ЗОХИОГЧ | |
| Зохиогчийн нэр | Broadbridge, Anne F |
| 245 10 - ҮНДСЭН ГАРЧИГ | |
| Номын нэр | Kingship and ideology in the Islamic and Mongol worlds |
| 260 ## - ГАРАЛТЫН МЭДЭЭ | |
| Хэвлэгдсэн газар | Cambridge |
| Хэвлэлийн газар | Cambridge University Press |
| Хэвлэгдсэн он | 2008 |
| 300 ## - МАТЕРИАЛЫН ТОДОРХОЙЛОЛТ | |
| хуудасны тоо | xiv, 232 p. : |
| Бусад тоон мэдээлэл | ill., maps ; |
| Хэмжээ | 24 cm |
| 500 ## - Тайлбар | |
| Дансны дугаар | ГФ 20866 |
| 505 ## - Агуулгын тэмдэглэгээ | |
| Агуулгын тэмдэглэгээ | What were the attitudes to diplomacy and kingship in the medieval Islamic world? Anne Broadbridge examines struggles over ideology in the Middle East and Central Asia from 1260 to 1405. She explores two very different ideological worlds: the Islamic world of the Mamluk Sultans of Egypt and Syria, and the Mongol world inhabited by the Golden Horde in Central Asia, the Ilkhanids in Iran and Anatolia, the Ilkhanids' successors, and Temur. The relationships among these rival rulers were often highly charged, and diplomatic missions were exchanged in an effort to promote each ruler's ideology. This was the first book to explore what it meant to be a monarch in the pre-modern Islamic world, and how ideas about sovereignty evolved across the period. This groundbreaking work will appeal to scholars of Middle Eastern and Central Asian history, Mongol history, and Islamic history, as well as historians of diplomacy and ideology. |
| 546 ## - ХЭЛНИЙ ТУХАЙ МЭДЭЭ | |
| Хэл | Англи хэл дээр, |
| 653 ## - Түлхүүр үг | |
| Түлхүүр үг | history |
| 653 ## - Түлхүүр үг | |
| Түлхүүр үг | Mongol history |
| 653 ## - Түлхүүр үг | |
| Түлхүүр үг | Islamic history |
| 653 ## - Түлхүүр үг | |
| Түлхүүр үг | Central Asian history |
| 740 ## - НОМЫН ГАРЧИГ | |
| Гарчиг | The ideologies and the diplomacy |
| 740 ## - НОМЫН ГАРЧИГ | |
| Гарчиг | The establishment of ideologies (1260-1293/658-693) |
| 740 ## - НОМЫН ГАРЧИГ | |
| Гарчиг | The age of Ilkhanid conversion (1295-1316/694-716) |
| 740 ## - НОМЫН ГАРЧИГ | |
| Гарчиг | The age of patronage and Muslim supremacy (1317-1341/717-741) |
| 740 ## - НОМЫН ГАРЧИГ | |
| Гарчиг | Mamluk regional sovereignty and the post-Ilkhanid order (1335-1382/736-784) |
| 740 ## - НОМЫН ГАРЧИГ | |
| Гарчиг | The Temürid invasions and the destruction of Mamluk sovereignty (1382-1404/784-807) |
| 942 ## - ЭЛЕМЕНТИЙН ТӨРӨЛ | |
| Зүйлийн төрөл | Ном |
